RDS software for aircraft conceptual analysis & design professional with manual + CD ( 2 sets) (Record no. 290782)
[ view plain ]
| 000 -LEADER | |
|---|---|
| fixed length control field | 00461 a2200133 4500 |
| 001 - CONTROL NUMBER | |
| control field | 55709 |
| 082 ## - DEWEY DECIMAL CLASSIFICATION NUMBER | |
| Classification number | 629.1323 RDS |
| 090 ## - LOCALLY ASSIGNED LC-TYPE CALL NUMBER (OCLC); LOCAL CALL NUMBER (RLIN) | |
| -- | 34595 |
| -- | 34595 |
| 245 ## - TITLE STATEMENT | |
| Title | RDS software for aircraft conceptual analysis & design professional with manual + CD ( 2 sets) |
| Remainder of title | software with manual |
| Statement of responsibility, etc. | Conceptual Research Corp |
| 260 ## - PUBLICATION, DISTRIBUTION, ETC. | |
| Place of publication, distribution, etc. | Conceptual Research Corp |
| Name of publisher, distributor, etc. | Hawthoren |
| Date of publication, distribution, etc. | 2004 |
| 300 ## - PHYSICAL DESCRIPTION | |
| Extent | ii, 63 p. manual |
| 610 ## - SUBJECT ADDED ENTRY--CORPORATE NAME | |
| Corporate name or jurisdiction name as entry element | Conceptual Research Corp |
| 650 ## - SUBJECT ADDED ENTRY--TOPICAL TERM | |
| Topical term or geographic name entry element | RDS software |
| 942 ## - ADDED ENTRY ELEMENTS (KOHA) | |
| Institution code [OBSOLETE] | NUST-CAE |
| Call number prefix | 629.1323 RDS |
| Withdrawn status | Lost status | Damaged status | Not for loan | Collection code | Permanent Location | Current Location | Date acquired | Total Checkouts | Full call number | Barcode | Date last seen | Price effective from | Koha item type |
|---|---|---|---|---|---|---|---|---|---|---|---|---|---|
| College of Aeronautical Engineering (CAE) | College of Aeronautical Engineering (CAE) | 04/03/2017 | 629.1323 RDS | CAEN-3398 | 04/05/2017 | 04/05/2017 | Book | ||||||
| College of Aeronautical Engineering (CAE) | College of Aeronautical Engineering (CAE) | 04/03/2017 | 629.1323 RDS | CAEN-3398A | 04/05/2017 | 04/05/2017 | Book |
